| 000 | 00493nam a2200181Ia 4500 | ||
|---|---|---|---|
| 003 | GCL | ||
| 008 | 140319s9999 xx 000 0 ara d | ||
| 040 |
_aGCL / _cGCL |
||
| 082 | 0 | 4 |
_a370 _bى ا |
| 100 | 1 | _aيوسف ميخائيل اسعد | |
| 245 | 1 | 0 |
_aافاق تربوية / _cيوسف ميخائيل اسعد |
| 300 | _a211 ص | ||
| 490 | _a | ||
| 650 | 0 | 4 | _aالتربية |
| 650 | 0 | 4 | _aعلم النفس التربوى |
| 650 | 0 | 4 | _aالتربية الجنسية |
| 942 |
_2ddc _cBK |
||
| 999 |
_c41960 _d41960 |
||